| 000 | 00402nam a22001217a 4500 | ||
|---|---|---|---|
| 999 |
_c9481 _d9481 |
||
| 003 | OSt | ||
| 008 | 201203b ||||| |||| 00| 0 eng d | ||
| 245 | _aJournal Of The Textile Association | ||
| 250 | _a2013( Jan-Feb Vol.73 No.5, May-Jun Vol.74 No.1, Sep-Oct Vol.74 No.3, Nov-Dec Vol.74 No.4 ) | ||
| 260 |
_aPune, Maharashtra _bUnitech Texmech Pvt. Ltd. |
||
| 650 | _aTextile Engineering | ||
| 942 |
_2ddc _cBV |
||